LEADER 01051nam a22002777i 4500 001 991001944569707536 008 060924s2006 it 000 0 ita d 020 $a8846478401 035 $ab13451984-39ule_inst 040 $aDip. SSC$bita 082 14$a361 245 02$aI territori del welfare :$bservizi sociali, regionalizzazione e garanzie /$ca cura di Paolo Guidicini, Carla Landuzzi ; scritti di: Maria Carmela Agodi ... [et al.]. 260 $aMilano :$bF. Angeli,$c2006. 300 $a320 p. ;$c23 cm. 440 0$aCollana di sociologia urbana e rurale ;$v48 500 $aSaggi. 504 $aCont. riferimenti bibl. 650 4$aWelfare State$zItalia 700 1 $aGuidicini, Paolo. 700 1 $aLanduzzi, Carla. 907 $a.b13451984$b15-11-06$c10-11-06 912 $a991001944569707536 945 $aLE021 SOC25D50$g1$i2021000113918$lle021$nSpedicato$o-$pE0.00$q-$rl$s- $t0$u3$v0$w3$x0$y.i14318763$z15-11-06 996 $aTerritori del welfare$91098911 997 $aUNISALENTO 998 $ale021$b10-11-06$cm$da $e-$fita$git $h2$i0